000 00293nam a22001457a 4500
003 SGT
082 _a611
_bA09H
100 _aHALIM, A
245 _aANATOMY OF THE HEAD & NECK
250 _a2ND
260 _aDELHI
_bANE BOOKS
_c2009
300 _a216
650 _aANATOMY
942 _2ddc
_cBK
_01
999 _c8702
_d8702